Daňovo-odvodové zaťaženie domácností v Slovenskej republike dizertačná práca

Enregistré dans:
Détails bibliographiques
Auteur principal: Kovárová Martišková, Alžbeta
Collectivité auteur: Národohospodárska fakulta EU. Katedra sociálneho rozvoja a práce
Autres auteurs: Rievajová, Eva
Format: Livre
Langue:slovaque
Publié: Bratislava 2018
Sujets:
Tags: Ajouter un tag
Pas de tags, Soyez le premier à ajouter un tag!

MARC

LEADER 00000nbm a2200000 4500
001 0246527
005 20230227105006.5
041 0 |a slo 
044 |a SK 
245 1 0 |a Daňovo-odvodové zaťaženie domácností v Slovenskej republike  |b dizertačná práca  |c Alžbeta Kovárová ; školiteľ: Eva Rievajová 
264 1 |a Bratislava  |c 2018 
300 |a 135 s. 
610 2 0 |a politika daňová 
610 2 0 |a dane 
610 2 0 |a domácnosti 
610 2 0 |a zaťaženie daňové 
610 2 0 |a odvody 
610 2 0 |a Slovensko 
100 1 |a Kovárová Martišková, Alžbeta 
700 1 |a Rievajová, Eva 
710 2 |a Národohospodárska fakulta EU. Katedra sociálneho rozvoja a práce